Yves Saint Laurent /

Đã lưu trong:
Chi tiết về thư mục
Tác giả chính: Maalouf, Ibrahim (Nhà soạn nhạc)
Tác giả khác: Hardmeier, Thomas (Nhiếp ảnh gia), Le Bon, Charlotte (Diễn viên), Hardmeier, Thomas (direttore della fotografia) (Nhiếp ảnh gia), Gallienne, Guillaume (Diễn viên), Smet, Laura (Diễn viên), Fieschi, Jacques (Người viết kịch bản), Huster, Marie-Pierre (Người viết kịch bản), Niney, Pierre (Diễn viên), Lespert, Jalil (Giám đốc)
Định dạng: Slide
Ngôn ngữ:Tiếng Italy
Tiếng Pháp
Được phát hành: [Roma] : Campi Bisenzio : Lucky Red homevideo ; Cecchi Gori home video [distributore], ©2014
Các nhãn: Thêm thẻ
Không có thẻ, Là người đầu tiên thẻ bản ghi này!

MARC

LEADER 00000ngm a22000007i 4500
001 IT\ICCU\RAV\2012853
003 ItRI
005 20260124182845.0
008 141007s2014 it |||||||||||||||k|||||c
028 3 2 |a PSV20954 
028 4 2 |a 8057092209547 
040 |b ita 
041 7 |a ita  |a fre  |2 ISO-639-2 
082 |a 791.43  |9 CINEMA  |2 14 
130 0 |a Yves Saint Laurent <film ; 2014>  |3 IT\ICCU\RAV\2012855 
245 0 0 |a Yves Saint Laurent /  |c un film di Jalil Lespert ; sceneggiatura Marie-Pierre Huster, Jalil Lespert, Jacques Fieschi ; liberamente ispirato al libro "Yves Saint Laurent" di Laurence Benaïm ; musiche originali Ibrahim Maalouf ; direttore della fotografia Thomas Hardmeier; [cast] Pierre Niney, Guillaume Gallienne, Charlotte Lebon ... [et al.]. 
246 1 3 |a YSL.  |9 IT\ICCU\RAV\2047005 
260 |a [Roma] :  |b Lucky Red homevideo ;  |a Campi Bisenzio :  |b Cecchi Gori home video [distributore],  |c ©2014 
300 |a 1 DVD-Video (circa 101 min.) :  |b color., sonoro ;  |c 12 cm 
500 |a Etichetta: Lucky Red 
500 |a Titolo del contenitore 
500 |a Produzione cinematografica Francia/Belgio 2014 
500 |a  Lingue: italiano, francese; sottotitoli: italiano anche per non udenti 
500 |a Caratteristiche tecniche: regione 2; PAL; video 2.35:1, 16/9; audio Dolby digital 5.1 
500 |a Contenuti speciali: trailer 
700 1 |a Hardmeier, Thomas  |0 IT\ICCU\CFIV\015273  |4 pht 
700 1 |a Benaïm, Laurence  |0 IT\ICCU\IEIV\047316  |4 ant 
700 1 |a Maalouf, Ibrahim  |0 IT\ICCU\LO1V\375644  |4 cmp 
700 1 |a Le Bon, Charlotte  |0 IT\ICCU\LO1V\432272  |4 act 
700 1 |a Hardmeier, Thomas  |c  (direttore della fotografia)  |0 IT\ICCU\LO1V\447669  |4 pht 
700 1 |a Gallienne, Guillaume  |0 IT\ICCU\MODV\652716  |4 act 
700 1 |a Smet, Laura  |0 IT\ICCU\RAVV\385655  |4 act 
700 1 |a Fieschi, Jacques  |0 IT\ICCU\UBOV\122151  |4 sce 
700 1 |a Huster, Marie-Pierre  |0 IT\ICCU\UBOV\343867  |4 sce 
700 1 |a Niney, Pierre  |0 IT\ICCU\UBOV\390825  |4 act 
700 1 |a Lespert, Jalil  |0 IT\ICCU\UBOV\671584  |4 drt 
710 2 |a Lucky Red  |0 IT\ICCU\NAPV\131922  |4 pbl 
791 2 |a Lucky Red Home Video  |3 IT\ICCU\MODV\664425  |z Lucky Red 
791 2 |a Luckyred  |3 IT\ICCU\MODV\666674  |z Lucky Red 
942 |2 ddc  |c VM  |n 0 
952 |0 0  |1 0  |4 0  |6 VO_2167_000000000000000  |7 0  |9 27084  |a BO  |b BO  |d 2026-01-24  |i 17642  |l 0  |o VO 2167  |p BO17642  |r 2026-01-24 18:28:45  |w 2026-01-24  |x [Sebina 5] [1 dvd]  |y VM  |z 1 dvd 
999 |c 22920  |d 22920